000 00603nam a22002057a 4500
999 _c14452
_d14452
003 AR-CdUCM
008 190423b ||||| |||| 00| 0 spa d
020 _a978-1-4814-7834-2
040 _aMUNICIPALIDAD PROVINCIAL DEL CUSCO
_cBIBLIOTECA MUNICIPAL DEL CUSCO
082 _aPI / 803 /
_bC27
100 _aCarle, Eric
_933239
245 _aLa semillita /
260 _a China :
_bSimon & Schuster,
300 _bilustraciones, graficos, dibujos,
_c28 cm.
500 _aCuentos para niƱos
650 _aHistoria
_9136
650 _aCuento
_94671
942 _2ddc
_cLIBROS
945 _apjha
_d2019-04-23